000 00746nam a2200241 i 4500
001 187593
003 ES-MaACL
005 20231214150955.0
008 171204s2004 sp |||| | spa d
020 _a84-233-3496-1
080 _a821.134.2-31"19"
100 0 _aSilva, Lorenzo,
_d1966-
_9106376
245 1 3 _aLa flaqueza del bolchevique /
_cLorenzo Silva.
250 _a4ª ed.
260 _aBarcelona :
_bDestino,
_c2004.
300 _a184 p. ;
_c18 cm.
490 1 _aNovela Booket ;
_v2128.
586 _aFinalista Premio Nadal 1997
830 _aNovela (Colección Booket)
_v2128
_9234505
852 _aES-MaACL
_jA-14112
_9194679
_bR.151264
_cDEPO1
_dOlim: N-7112
942 _2udc
_cMONOGRAFIA
999 _c187593
_d187593